States by Most Disproportionately Popular Cuisine - Statistics

General Stats
  • This quiz has been taken 35 times
  • The average score is 13 of 51
Answer Stats
Cuisine/Restaurant State % Correct
Kosher - 414Halal - 233 Spanish - 206 Caribbean - 158 Delis - 117 New York
89%
Cuban - 757Caribbean - 286 Peruvian - 264 Latin - 217 Spanish - 159 Florida
50%
Hawaiian - 5,028Ramen - 1,443 Filipino - 809 Korean - 465 Food Stands - 380 Hawaii
50%
Cajun - 1,540Southern - 219 Soul Food - 198 Seafood - 158 Chicken Wings - 75 Louisiana
50%
Tex-Mex - 174Cajun - 171 BBQ - 89 Mexican - 85 Chicken Wings - 64 Texas
46%
Filipino - 208Fish and Chips - 200 Thai - 158 Seafood - 158 Hawaiian - 90 Alaska
43%
Cheesesteaks - 260Pizza - 60 Italian - 49 Diners - 46 Delis - 45 Pennsylvania
39%
German - 187Steak - 101 Soup - 68 Buffets - 62 Salad - 41 North Dakota
36%
Taiwanese - 264Filipino - 226 Vietnamese - 143 Korean - 143 Hawaiian - 125 California
32%
Irish - 166Cheesesteaks - 123 Caribbean - 122 Seafood - 101 Gastropub - 87 Delaware
32%
BBQ - 48Chicken Wings - 38 Tex-Mex - 35 Mexican - 33 Fast Food - 31 Kansas
32%
Seafood - 321Irish - 135 Gastropubs - 102 Gluten-Free - 78 Diners - 77 Maine
32%
Southern - 371Cajun - 189 Buffets - 135 Soul Food - 106 Chicken Wings - 103 Mississippi
32%
Southern - 256BBQ - 145 Cajun - 96 Chicken Wings - 89 Soul Food - 87 Alabama
29%
Southern - 304Soul Food - 155 Caribbean - 113 Chicken Wings - 103 BBQ - 57 Georgia
29%
Portuguese - 880Spanish - 266 Kosher - 218 Peruvian - 211 Deli - 156 New Jersey
29%
Tex-Mex - 93BBQ - 88 Steak - 58 Buffets - 51 Fast Food - 51 Oklahoma
29%
Southern - 335Soul Food - 105 BBQ - 100 Chicken Wings - 59 Tex-Mex - 49 Tennessee
29%
Belgian - 1,711Ethiopian - 1,506 African - 555 Food Stands - 332 French - 250 District of Columbia
25%
Filipino - 277Hawaiian - 238 Buffets - 156 Steak - 84 Vegan - 66 Nevada
25%
Portuguese - 1,187Fish and Chips - 193 Irish - 141 Spanish - 124 Seafood - 95 Rhode Island
25%
Gastropubs - 52Cafes - 31 Mexican - 26 Steak - 25 Traditional American - 25 Idaho
21%
Southern - 111Fast Food - 66 Tex-Mex - 56 Chicken Wings - 52 Burgers - 50 Kentucky
21%
Portuguese - 716Brazilian - 361 Irish - 179 Seafood - 90 Middle Eastern - 82 Massachusetts
21%
Steak - 60Buffets - 36 Chicken Wings - 35 Comfort Food - 34 Burgers - 30 Nebraska
21%
Mexican - 124Steak - 60 French - 58 Cafes - 51 Vegetarian - 45 New Mexico
21%
Food Stands - 404Gluten-Free - 170 Vegan - 153 Hawaiian - 145 Thai - 127 Oregon
21%
Hawaiian - 241Hot Dogs - 54 Mexican - 50 Comfort Food - 41 Burgers - 38 Utah
21%
Mexican - 73Greek - 63 Gluten-Free - 57 Buffets - 54 Mediterranean - 40 Arizona
18%
Southern - 142BBQ - 91 Tex-Mex - 64 Cajun - 64 Steak - 53 Arkansas
18%
Gluten-Free - 149Vietnamese - 65 Mexican - 55 Soup - 40 Breakfast/Brunch - 36 Colorado
18%
Spanish - 158Deli - 95 Italian - 89 Irish - 69 Caribbean - 56 Connecticut
18%
Pizza - 42Tex-Mex - 38 Fast food - 37 Steak - 30 Burgers - 29 Indiana
18%
Middle Eastern - 184Diners - 47 Hot Dogs - 43 Pizza - 43 Soup - 40 Michigan
18%
Breakfast/Brunch - 95Irish - 95 Gluten-Free - 72 Traditional American - 67 Diners - 66 New Hampshire
18%
Southern - 327Seafood - 76 Soul Food - 65 Chicken Wings - 57 BBQ - 49 South Carolina
18%
Vietnamese - 181Fish and Chips - 175 Thai - 125 Korean - 103 Japanese - 88 Washington
18%
Pakistani - 80Hotdogs - 76 Middle Eastern - 34 Greek - 25 Indian Pakistani - 23 Illinois
14%
Buffets - 127Pizza - 64 Steak - 21 Traditional American - 7 Fast food - 5 Iowa
14%
Peruvian - 200Cheesesteaks - 121 Caribbean - 103 Latin - 102 Pakistani - 97 Maryland
14%
BBQ - 65Soup - 46 Chicken Wings - 33 Steak - 30 Tex-Mex - 29 Missouri
14%
Steak - 141Cafes - 80 Traditional American - 70 Diners - 52 Breakfast/Brunch - 34 Montana
14%
Southern - 229Cheesesteaks - 207 Hot Dogs - 80 Chicken Wings - 47 Soul Food - 39 North Carolina
14%
Soup - 57Pizza - 57 Fast Food - 40 Chicken Wings - 34 Burgers - 32 Ohio
14%
Gastropubs - 220Diners - 130 Comfort Food - 113 Vegan - 92 Delis - 91 Vermont
14%
Peruvian - 162Southern - 104 Latin - 68 Middle Eastern - 68 Pakistani - 67 Virginia
14%
Steak - 152Comfort Food - 106 Traditional American - 50 New American - 39 Diners - 28 Wyoming
14%
Buffets - 53Traditional American - 35 Pizza - 31 New American - 21 Gluten-Free - 18 Minnesota
7%
Steak - 143Buffets - 71 Traditional American - 37 Chicken Wings - 59 Tex-Mex - 49 South Dakota
7%
Hot Dogs - 146Pizza - 75 Buffets - 55 Fast Food - 54 Chicken Wings - 47 West Virginia
7%
Traditional American - 52Soup - 34 New American - 25 Sandwiches - 21 Pizza - 20 Wisconsin
7%
No matching quizzes found
Score Distribution
Percent of People with Each Score
Percentile by Number Answered
Your Score History
You have not taken this quiz